000 00541nam a2200205Ia 4500
005 20260429112208.0
008 260429s9999||||xx |||||||||||||| ||und||
020 _a9788180940224
041 _aEnglish
082 _a579
_bRAJ
100 _aRajendran, P.
245 0 _aMicrobial bioremediation /
_cP. Rajendran
250 _a1st ed.
260 _aChennai :
_bMJP Publishers ,
_c2006.
300 _axxiv, 282 p.; pbk
650 _a Environmental microbiology
650 _aBioremediation
700 _a Gunasekaran, P.
942 _cTB
999 _c52834
_d52834